000 00697nam a2200217Ia 4500
008 150520s9999 xx 000 0 und d
050 _aN 72.P6
050 _b.R494 2015
100 _aReyes, Christel Ellice C.
245 2 _aA content analysis on the media representation of politics in selected Philippine independent films released from 2007-2013 /
245 _cChristel Ellice C. Reyes.
260 _aLas PiƱas, Philippines :
260 _bSISC,
260 _c2015.
300 _a116 pages :
300 _billustrations ;
300 _c28 cm.
500 _aIncludes bibliographical references and appendices.
650 _aMotion Pictures (Philippines)
650 _xPolitics
999 _c284042
_d284042